000 00336nam a2200133Ia 4500
008 220216s9999 xx 000 0 und d
100 _aCarlson Donna J
245 0 _aAsphalt-rubber sets the bar for modified binders
260 _bRubber India
_c2003
300 _a13-16
650 _aAsphalt-rubber
650 _aBinders
942 _cJS
999 _c54517
_d54517